Statistics for Guess 80 Roma footballers by image

Click here to take the quiz!

General Stats

  • This quiz has been taken 47 times
  • The average score is 45 of 80

Answer Stats

Answer% Correct
Mohamed Salah
97%
Alisson
95%
Cafu
95%
Edin Dzeko
92%
Francesco Totti
92%
Paulo Dybala
92%
Antonio Rüdiger
90%
Daniele De Rossi
90%
Georginio Wijnaldum
90%
Henrikh Mkhitaryan
90%
Nemanja Matic
90%
Pedro
90%
Chris Smalling
87%
Miralem Pjanic
87%
Stephan El Shaarawy
87%
Aleksandr Kolarov
85%
Ashley Cole
85%
Gervinho
85%
Tammy Abraham
85%
Erik Lamela
82%
Rui Patricio
82%
Wojciech Szczęsny
82%
Gabriel Batistuta
79%
Bojan Krkic
77%
Lucas Digne
77%
Radja Nainggolan
77%
Andrea Belotti
74%
Patrick Schick
74%
Pep Guardiola
72%
Luca Toni
69%
Medhi Benatia
69%
Nicolò Zaniolo
69%
Carlo Ancelotti
67%
John Arne Riise
67%
Maicon
67%
Alessandro Florenzi
64%
Simon Kjaer
64%
Hidetoshi Nakata
62%
Kevin Strootman
59%
Philippe Mexes
59%
Seydou Keita
59%
Kostas Manolas
56%
Steven Nzonzi
56%
Bryan Cristante
54%
Javier Pastore
54%
Leonardo Spinazzola
54%
Maarten Stekelenburg
54%
Emerson Palmieri
49%
Thomas Vermaelen
49%
Gianluca Mancini
46%
Leandro Paredes
46%
Walter Samuel
46%
Antonio Cassano
44%
Federico Fazio
44%
Lorenzo Pellegrini
41%
Emerson
38%
Jordan Veretout
38%
Marquinhos
36%
Alberto Aquilani
33%
Jeremy Menez
33%
Bruno Conti
31%
Maxime Gonalons
28%
Cristian Chivu
26%
Diego Perotti
26%
Julio Baptista
23%
Paulo Roberto Falcão
23%
Simone Perrotta
23%
Vincenzo Montella
23%
Mirko Vucinic
21%
Aldair
18%
Mancini
18%
Nicolas Burdisso
18%
Vincent Candela
18%
Christian Panucci
15%
David Pizarro
15%
Fernando Gago
15%
Damiano Tommasi
10%
Giuseppe Giannini
10%
Juan
10%
Toninho Cerezo
10%

Score Distribution

Percentile by Number Answered

Percent of People with Each Score

Your Score History

You have not taken this quiz